Obálka Náhled e-knihy:
PDF Epub
Pro půjčování e-knih musíte být přihlášeni.
Jak si půjčit online?

Anekdoty. 3, Blondýnky

Útlá sbírka anekdot o blondýnkách. Průvodním slovem, s humorem sobě vlastním, knížku doprovodila Iva Pazderková, blondýna.

Uloženo v:
Série:Anekdoty, část 3
Médium: E-kniha
Jazyk:Czech
Vydáno: Brno : CPress, 2018
Vydání:1. vydání
Témata:
Příbuzné jednotky:Z cyklu:: Anekdoty
Tagy:
Žádné tagy
LEADER 01981nam a2200433 i 4500
001 310965
003 CZ PrSKC
005 20260601215657.0
007 ta
008 181031s2018 xr a g 000 h cze
015 |a cnb003048637 
020 |a 9788026421603  |q (vázáno) :  |c Kč 123,00 
035 |a (OCoLC)1078648548 
040 |a BOA001  |b cze  |e rda 
072 7 |a 821-1/-8  |x Literatura různých forem a žánrů  |2 Konspekt 
080 |a 821-36  |2 MRF 
080 |a 821-845  |2 MRF 
080 |a (0:82-36)  |2 MRF 
080 |a (0:82-845)  |2 MRF 
245 0 0 |a Anekdoty.  |n 3,  |p Blondýnky 
246 3 0 |a Blondýnky 
250 |a 1. vydání 
264 1 |a Brno :  |b CPress,  |c 2018 
300 |a 104 stran :  |b ilustrace ;  |c 18 cm 
336 |a text  |b txt  |2 rdacontent 
337 |a bez média  |b n  |2 rdamedia 
338 |a svazek  |b nc  |2 rdacarrier 
520 2 |a Útlá sbírka anekdot o blondýnkách. Průvodním slovem, s humorem sobě vlastním, knížku doprovodila Iva Pazderková, blondýna.  |b Soubor desítek vtipů a trefných hádanek o blondýnkách je řazen do tematických kapitol, např. Blondýnka a automobil, Blondýnka v přírodě, Blondýnka a policista či Blondýnka a manžel. Kniha je doplněna vtipnými ilustracemi. Nakladatelská anotace. Kráceno. 
655 7 |a anekdoty  |7 fd131798  |2 czenas 
655 7 |a vtipy  |7 fd133820  |2 czenas 
655 9 |a anecdotes  |2 eczenas 
655 9 |a jokes  |2 eczenas 
900 |a ABA001  |b 19 
928 9 |a Albatros Media - CPress 
044 |a xr 
787 0 8 |g 3  |i Z cyklu:  |t Anekdoty 
910 |a RBIT002 
998 |d 179873  |a https://core.palmknihy.cz/api/books/179873/cover?phrmuy  |b https://core.palmknihy.cz/api/books/179873/cover/400?phrmuy  |c https://core.palmknihy.cz/api/books/179873/cover/50?phrmuy  |e 2050-12-31  |g 104  |i 9788026421603  |j https://core.palmknihy.cz/api/books/179873/preview.epub  |k https://core.palmknihy.cz/api/books/179873/preview.pdf  |l   |q 49  |r 1  |s https://www.palmknihy.cz/kniha/179873  |t ebook  |y 2018  |z 0  |v Anekdoty  |w 3 
999 |d 310963